| 000 | 00644nam a2200193 i 4500 | ||
|---|---|---|---|
| 001 | 183209 | ||
| 003 | ES-MaACL | ||
| 005 | 20240322144828.0 | ||
| 008 | 140129s1989 xxu |||| | eng d | ||
| 020 | _a0-19-812985-8 | ||
| 080 | _a821.111 Blake, William | ||
| 100 | 1 |
_aEssick, Robert N. _9154314 |
|
| 245 | 1 | 0 |
_aWilliam Blake and the language of Adam / _cRobert N. Essick. |
| 260 |
_aOxford : _bClarendon Press, _c1989. |
||
| 300 |
_a272 p., [8] p. de lám. ; _c22 cm. |
||
| 600 | 1 | 4 |
_aBlake, William, _d1757-1827- _xCrítica e interpretación _929099 |
| 852 |
_aES-MaACL _jL-30024 _z.- Donat. Miguel A. Velasco |
||
| 999 |
_c183209 _d183209 |
||